| 000 | 00502nam a2200181 i 4500 | ||
|---|---|---|---|
| 001 | 147676 | ||
| 003 | ES-MaACL | ||
| 005 | 20260612132715.0 | ||
| 007 | t| | ||
| 008 | 071004s1967 rm ||||1| rum d | ||
| 100 | 1 |
_aUscatescu, Jorge, _d1919-1995 _9112293 |
|
| 245 | 1 | 0 |
_aProfetas del pueblo / _cGeorge Uscatescu. |
| 260 |
_aRumanía : _b[s.n.], _c1967. |
||
| 300 |
_a158 p. con 5 lám. ; _c22 cm. |
||
| 500 | _aOriginal en rumano. | ||
| 852 |
_aES-MaACL _jC-32748 _bR.63302 |
||
| 999 |
_c147676 _d147676 |
||